000 00326nam a22001457a 4500
020 _a-
082 _a297.12 ZAK
100 _aZakia, Arshad Hameed
245 _aNaqsh-e-Pa (Urdu)
260 _aRawalpindi
_bMatboo, at-e-Sulemania
_c2007
300 _a160 p.:
500 _aIncludes index
650 _aIslam
942 _cBK
999 _c490842
_d490842